Egypt infrastructure report Q3 2015 : includes 10-year forecasts to 2024.
| Format: | Book |
|---|---|
| Published: |
London:
Business Monitor International,
2015.
|
| Series: | Part of BMI's industry report & forecasts series
|
| Subjects: |
| LEADER | 00519cam a2200145 7i4500 | ||
|---|---|---|---|
| 001 | 0000033248 | ||
| 005 | 20160224090000.0 | ||
| 022 | 0 | 0 | |a 17525330 |
| 090 | 0 | 0 | |a EGPT 388.4736309 |b EGY |
| 245 | 0 | 0 | |a Egypt infrastructure report Q3 2015 : |b includes 10-year forecasts to 2024. |
| 260 | 0 | 0 | |a London: |b Business Monitor International, |c 2015. |
| 300 | # | # | |a 73 pages. |
| 440 | 0 | 0 | |a Part of BMI's industry report & forecasts series |
| 650 | 0 | 0 | |a Infrastructure (Economics) -- |z Egypt |
| 999 | |a B000036775 |b Book |c Countries |e Business Information Centre | ||